Normal view
MARC view
Entry Topical Term
001 - CONTROL NUMBER
- control field: 29755
003 - CONTROL NUMBER IDENTIFIER
- control field: OSt
005 - DATE AND TIME OF LATEST TRANSACTION
- control field: 20260617134353.0
008 - FIXED-LENGTH DATA ELEMENTS
- fixed length control field: 260617|| aca||aabn | a|a d
040 ## - CATALOGING SOURCE
- Original cataloging agency: OSt
- Transcribing agency: OSt
150 ## - HEADING--TOPICAL TERM
- Topical term or geographic name entry element: 2. chard.....diseases and pest ....kenya
670 ## - SOURCE DATA FOUND
- Source citation: Work cat.: (OSt)24566: Janiffer Wanjiku Nguru 29753, Occurence of root knot nema todes in chard (beta vulgaris var.cicla) and thr management using resistance and selected organic amendments in murang'a county kenya , 2025
